| 000 | 01369nam a22002417a 4500 | ||
|---|---|---|---|
| 005 | 20260617145943.0 | ||
| 008 | 260617t2015 |||||||| |||| 00| 0 spa d | ||
| 040 |
_aCO-BoUCM _bspa _cStefania Borbon _dStefania Borbon |
||
| 041 | _aspa | ||
| 100 |
_aIturralde Blanco, Ignacio _9189745 |
||
| 245 |
_aMaquiavelo : _bde príncipes, caciques y otros animales políticos / _cIgnacio Iturralde Blanco |
||
| 260 |
_aEspaña; _bBatiscafo, _c2015 |
||
| 300 | _a144 páginas | ||
| 490 | _aDescubrir la filosofía | ||
| 520 | _aMonografía que aborda el pensamiento, vida y contexto histórico de Nicolás Maquiavelo. Analiza su trayectoria como diplomático en la Florencia renacentista, sus misiones internacionales y la posterior estructuración de sus teorías sobre el poder, el Estado y la filosofía política. Discute la concepción de la moral de gobierno, el falso principio del fin justifica los medios y determina la naturaleza de su realismo político en la actualidad. | ||
| 600 |
_aMaquiavelo, Nicolás, _d1469-1527 _xPensamiento político y social _9189746 |
||
| 650 | 4 |
_aFilosofía política _ySiglo XVI _9189747 |
|
| 650 | 4 |
_aÉtica política _ySiglo XVI _9189748 |
|
| 650 | 4 |
_aJefes de Estado _xConducta política _9189749 |
|
| 700 | 1 |
_aGarcía, Nacho _eilustrador _9189642 |
|
| 942 |
_2DEWEY _a6 _cLIBRO _e1 _h320.092 _mI91m |
||
| 999 |
_c326530 _d326530 |
||